Innovacin̤ docente y renovacin̤ pedagg̤ica en derecho internacional y relaciones internacionales

Bibliographic Details
Main Author: Gutiřrez Castillo, Vc̕tor Luis
Format: eBook
Language:Spanish
Published: Madrid: Dykinson, 2021
Subjects:
Online Access:Acceso restringido

MARC

LEADER 00000nam a22000007a 4500
005 20220630215216.0
007 cr|||| ||||
008 220630s2021 ea |||||s|||| 00||0 spa d
020 |a 978-84-1377-459-6 
035 |a 36147 
040 |a vLex 
090 |c 13500  |d 13500 
100 1 |a Gutiřrez Castillo, Vc̕tor Luis 
245 1 0 |a Innovacin̤ docente y renovacin̤ pedagg̤ica en derecho internacional y relaciones internacionales  |h [Recurso electrn̤ico] /  |c Vc̕tor Luis Gutiřrez Castillo 
256 |a Servicio en ln̕ea 
260 |a Madrid:  |b Dykinson,  |c 2021 
300 |a 1 recurso electrn̤ico 
506 1 |a Disponible solo en los productos indicados  |d vLex Global  |d vLex Global (Academic Edition, excluding Law Schools)  |d vLex Global (U.S. Academic Edition, Law Schools)  |d vLex Global (U.S. Academic Edition, excluding Law Schools)  |d vLex Global (Academic Edition, Law Schools) 
650 0 4 |a Derecho Internacional  |z Espaą 
650 0 4 |a Educacin̤  |z Espaą 
740 0 |a vLex Libros (Servicio en ln̕ea) 
856 4 0 |u https://app.vlex.com/#/sources/36147  |z Acceso restringido 
942 |c BOOK 
999 0 |a International Law 
999 0 |a Education